02422nam a2200253 a 4500001001000000005001700010008004100027041000800068044000700076084002100083100004500104245009500149260003600244300003000280500026400310500003700574500131000611500001001921650005201931650005601983650003402039650004502073740005002118BRCA_250620190320203837.0251108s1859----sp-a---###---#000-0#spa-u aspa asp a146b.G673c18591 aCervantes Saavedra, Miguel ded1547-161610aEl Ingenioso Hidalgo Don Quijote de la Manchaccompuesto por Miguel de Cervantes Saavedra. aBarcelonabTomás Gorchsc1859 a2 v.bil.c45 cm.e1 mapa aContenido : v 1. Primera parte. Retrato de Cervantes por L. Madrazo. Dedicatoria del editor. Dedicatoria del autor. Prólogo del autor. Versos preliminares. Variantes. Texto. -- v 2. Segunda parte. Dedicatoria del autor. Prólogo del autor. Variantes. Texto aEdición : Dedicada a Cervantes aEdición monumental, que honra a las prensas catalanas, la más suntuosa y de cuantas hasta entonces se habían publicado, impresa en magnífico papel, anchas márgenes y tipos hermosos y clarísmos, de gran valor tipográfico. Las iniciales con que empiezan los capítulos son finos y artísticos, grabados de Estebanillo y Moragas. Las 12 láminas, por el contrario, no aportan nada nuevo, sobre todo, si las comparamos con las de la edición de la Academia de 1780. El retrato de Cervantes, dibujado por L. Madrazo, es el mejor que había aparecido hasta aquel entonces. Podrá objetarse que la indumentaria no corresponde a la posición económica del autor, pero el busto y la expresión señaladamente intelectual y bonachón de su rostro merecen un aplauso. Contiene una Carta geográfica de los viajes de D. Quijote y 562 variantes. Tomando el editor por modelo la impresión de Cuesta de 1605, la comparó con las de 1608, 1668, 1780, 1797 (Pellicer), 1819 (Academia), y 1833 (Clemencín), respetando en los casos dudosos el texto primitivo, Gorchs sacó un texto bastante correcto y depurado. Sin embargo, sigue, como las demás ediciones de la época, confundiendo la segunda edición de Cuesta con la primera. Lindo ejemplar, encuadernado en semipiel Lúdovik Osterc aQM13014aNovela españolayÉpoca clásica, 1500-170014aLiteratura españolayÉpoca clásica, 1500-170014aNovela españolaySiglo XVII14aDon Quijote (Personaje ficticio)eNovela0 aEl Ingenioso Hidalgo Don Quijote de la Mancha